00347 2200133 4500001002100000008004100021035002000062245004600082100000800128260003200136084001600168082001000184990001900194INLIS000000000000150 ind  a0010-0924000139 aPEDOMAN PENULISAN KARYA ILMIAH EDISI KE-4 aTIM aMALANG :bIKIP MALANGc2000 a001.4 TIM p a001.4 a000.2005.00057